000 00474nam a2200181Ia 4500
001 7379
005 20260306160451.0
008 260306t2017||||xx |||||||||||||| ||spa||
041 _aESP
082 _a338.9
_bA18
100 _aAcemoglu, Daron
_eAUT
245 0 _aPor qué fracasan los países:
_blos orígenes del poder, la prosperidad y la pobreza
260 _c2017
300 _a589 páginas :
_c19 cm.
650 _aGEN
654 _aCAN
942 _cLIB
_dJUS
_fJUS
_2ddc
_n
999 _c7379
_d7379